000 004150000a22001450004500
090 _aAR
_b01894
245 1 0 _aPrincipios activos de las plantas medicinales
650 1 4 _aEtnobotánica
_992498
650 1 4 _aPlantas medicinales
_993263
650 1 4 _aMedicina tradicional
_994033
041 0 _aEspañol
100 1 _aCalderón Sáez, Eduardo
_91494
942 _cARTICULO
773 1 _tEconomic Botany
_3274
_q17-35
_d1997?
999 _c10971
_d10971